000
00339nam a2200145Ia 4500
008
230718s9999 xx 000 0 und d
041
_a
Eng.
082
_a
421
_b
BEY-I
100
_a
Beynon-Davies paul
245
0
_a
Inirodu Cuion int Syria
260
_a
Pakistan
_b
Oxford in Press
_c
2003
300
_a
635
650
_a
Law
999
_c
26096
_d
26096